Seed Biology and Yield of Grain Crops / (Record no. 13844)

MARC details
000 -LEADER
fixed length control field 00621cam a22002174a 4500
003 - CONTROL NUMBER IDENTIFIER
control field BD-DhSAU
005 - DATE AND TIME OF LATEST TRANSACTION
control field 20230905111027.0
008 - FIXED-LENGTH DATA ELEMENTS--GENERAL INFORMATION
fixed length control field 060228s2007 -uka qb 001 0 eng
020 ## - INTERNATIONAL STANDARD BOOK NUMBER
International Standard Book Number 9781780647708
040 ## - CATALOGING SOURCE
Original cataloging agency BD-DhSAU
Transcribing agency BD-DhSAU
082 00 - DEWEY DECIMAL CLASSIFICATION NUMBER
Classification number 633.1
Edition number 22
Item number Eg57
100 ## - MAIN ENTRY--PERSONAL NAME
Personal name Egli, Dennis B.
245 00 - TITLE STATEMENT
Title Seed Biology and Yield of Grain Crops /
Statement of responsibility, etc. Dennis B. Egli
250 ## - EDITION STATEMENT
Edition statement 2nd.
260 ## - PUBLICATION, DISTRIBUTION, ETC. (IMPRINT)
Place of publication, distribution, etc. UK :
Name of publisher, distributor, etc. CABI,
Date of publication, distribution, etc. c2017.
300 ## - PHYSICAL DESCRIPTION
Extent ix, 219 p. :
Other physical details ill. ;
Dimensions 22 cm.
504 ## - BIBLIOGRAPHY, ETC. NOTE
Bibliography, etc Includes bibliographical references and index.
590 ## - Name of Cataloguer
Name of Cataloger Kobir
650 #0 - SUBJECT ADDED ENTRY--TOPICAL TERM
Topical term or geographic name as entry element Grain Crops
General subdivision Seed Biology
-- Yield
942 ## - ADDED ENTRY ELEMENTS (KOHA)
Source of classification or shelving scheme Dewey Decimal Classification
Koha item type Book
Holdings
Withdrawn status Lost status Source of classification or shelving scheme Damaged status Not for loan Collection code Home library Branch Name Shelving location Date acquired Cost, normal purchase price Total Checkouts Full call number Barcode Date last seen Price effective from Koha item type Public note
    Dewey Decimal Classification   Not For Loan Reference SAU Library SAU Library Reference 21/06/2023 11050.00   633.1 Eg57 44742 05/09/2023 05/09/2023 Book Purchase